000 00906cam a2200265 a 4500
001 000008959
005 20240305134030.0
008 780112r19211914sp 001 f spa
035 _a(DLC) 30001650
035 _a(OCoLC)3552378
040 _aDO-SdBNP
_cFU
_dBNPHU
082 _aG863.4
_bG633e
100 1 _aGómez Carrillo, Enrique,
_d1873-1927
_916677
245 1 3 _aEl encanto de Buenos Aires /
_cEnrique Gómez Carrillo.
260 _aMadrid :
_b"Mundo latino",
_c1921.
300 _a241, iv p. ;
_c19 cm.
490 1 _aObras completas.
_vt. xix
_aAdministración
500 _aPublicado por primera vez en Madrid, 1914.
650 4 _aNovela guatemalteca
_95392
650 4 _aLiteratura guatemalteca
_95393
800 1 _aGómez Carrillo, Enrique,
_d1873-1927
_vt. 19.
_916677
830 0 _aObras completas.
_vt. xix
_pAdministración
_923552
910 _aCatalogación por copia / LC
049 _aBNGR
999 _c8723
_d8723